Vplyv zmeny klímy na odtokový režim na Slovensku

Gespeichert in:
Bibliographische Detailangaben
Hauptverfasser: Szolgay, Ján, 1953- (Verfasst von), Hlavčová, Kamila, 1959- (Verfasst von), Lapin, Milan, 1948- (Verfasst von), Parajka, Juraj (Verfasst von), Kohnová, Silvia, 1960- (Verfasst von)
Format: Buch
Sprache:Slowakisch
Veröffentlicht: Ostrava : KEY Publishing, 2007
Ausgabe:1. vyd.
Schlagworte:
Tags: Tag hinzufügen
Keine Tags, Fügen Sie das erste Tag hinzu!

MARC

LEADER 00000nam a22000003a 4500
001 stu151096
005 20221209141531.5
008 071126s2007----xr------------------slo-d
020 |a 978-80-87071-50-2 
040 |a STU  |b slo 
041 0 |a slo 
044 |a xr 
100 1 |a Szolgay, Ján,  |d 1953-  |4 aut  |u V160  |9 20  |U SvF Stavebná fakulta  |T SvF Katedra vodného hospodárstva krajiny  |X 691  |U V160  |Y 16  |7 A000000691 
242 0 0 |a Impact of Climate Change on the Runoff Regime in Slovakia  |y eng 
245 1 |a Vplyv zmeny klímy na odtokový režim na Slovensku 
250 |a 1. vyd. 
260 |a Ostrava :  |b KEY Publishing,  |c 2007 
300 |a 141 s. 
650 7 |a zmena klímy  |2 stusub 
650 7 |a odtokový režim  |2 stusub 
700 1 |a Hlavčová, Kamila,  |d 1959-  |4 aut  |u V160  |9 20  |U SvF Stavebná fakulta  |T SvF Katedra vodného hospodárstva krajiny  |X 905  |U V160  |Y 16  |7 A000000905 
700 1 |a Lapin, Milan,  |d 1948-  |4 aut  |9 20  |X 3010  |7 A000003010 
700 1 |a Parajka, Juraj  |4 aut  |9 20 
700 1 |a Kohnová, Silvia,  |d 1960-  |4 aut  |u V160  |9 20  |U SvF Stavebná fakulta  |T SvF Katedra vodného hospodárstva krajiny  |X 2746  |U V160  |Y 16  |7 A000002746 
996 |b 284V031758  |c V*51298/O-22925a  |l VVS  |s A  |a 24  |w stu151096_0001 
996 |b 284V031757  |c V*51297/O-22925  |l VVT  |s A  |a 24  |w stu151096_0002